Das Berufsschicksal entlassener Strafgefangener
| Autor principal: | |
|---|---|
| Otros Autores: | |
| Tipo de documento: | Print Libro |
| Lenguaje: | Alemán |
| Publicado: |
Leipzig [u.a.]
Teubner
1931
|
| En: |
Preisaufgabe der Sächsischen Landeswohlfahrtsstiftung (4)
Año: 1931 |
| Availability in Albert-Krebs Library: | PG.10.002 2015-152 |
| Verificar disponibilidad: | HBZ Gateway |
| Servicio de pedido Subito: | Pedir ahora. |
| Palabras clave: |
MARC
| LEADER | 00000cam a2200000 c 4500 | ||
|---|---|---|---|
| 001 | 1182191584 | ||
| 003 | DE-627 | ||
| 005 | 20250705004554.0 | ||
| 007 | tu | ||
| 008 | 990101s1931 xx ||||| 00| ||ger c | ||
| 035 | |a (DE-627)1182191584 | ||
| 035 | |a (DE-576)112191584 | ||
| 035 | |a (DE-599)BSZ112191584 | ||
| 035 | |a (OCoLC)249961206 | ||
| 035 | |a (OCoLC)249961206 | ||
| 040 | |a DE-627 |b ger |c DE-627 |e rakwb | ||
| 041 | |a ger | ||
| 044 | |c XA-DXDE | ||
| 084 | |a 2,1 |2 ssgn | ||
| 084 | |a PH 5270 |2 rvk |0 (DE-625)rvk/136196: | ||
| 084 | |a 88.14 |2 bkl | ||
| 100 | 1 | |8 1\p |a Zeugner, Franz |0 (DE-588)116984309 |0 (DE-627)078443687 |0 (DE-576)291012485 |4 aut | |
| 109 | |a Zeugner, Franz | ||
| 245 | 1 | 4 | |a Das Berufsschicksal entlassener Strafgefangener |c [Bearb. von Franz Zeugner ; Johannes Hünlich] |
| 264 | 1 | |a Leipzig [u.a.] |b Teubner |c 1931 | |
| 300 | |a 66 S. |c 8" | ||
| 336 | |a Text |b txt |2 rdacontent | ||
| 337 | |a ohne Hilfsmittel zu benutzen |b n |2 rdamedia | ||
| 338 | |a Band |b nc |2 rdacarrier | ||
| 490 | 1 | |a Preisaufgabe der Sächsischen Landeswohlfahrtsstiftung |v 4 | |
| 583 | 1 | |a Archivierung prüfen |c 20200919 |f DE-640 |z 3 |2 pdager | |
| 650 | 4 | |a Strafentlassener |x Arbeit |7 (dpeaa)DE-2619 | |
| 689 | 0 | 0 | |d s |0 (DE-588)4071628-4 |0 (DE-627)106097237 |0 (DE-576)209184523 |a Gefängnis |2 gnd |
| 689 | 0 | |5 (DE-627) | |
| 700 | 1 | |a Hünlich, Johannes |4 oth | |
| 810 | 2 | |a Sächsische Landeswohlfahrtsstiftung |t Preisaufgabe der Sächsischen Landeswohlfahrtsstiftung |v 4 |9 4 |w (DE-627)130432857 |w (DE-576)067401023 |w (DE-600)638078-5 |7 am | |
| 883 | |8 1\p |a cgwrk |d 20241001 |q DE-101 |u https://d-nb.info/provenance/plan#cgwrk | ||
| 889 | |w (DE-627)410605425 | ||
| 935 | |a mkri | ||
| 935 | |i mdedup | ||
| 936 | r | v | |a PH 5270 |b Vollzug der Freiheitsstrafe, Resozialisierung |k Rechtswissenschaft |k Strafrecht, Strafverfahrensrecht, Kriminologie |k Strafvollzug |k Vollzug der Freiheitsstrafe, Resozialisierung |0 (DE-627)1271677113 |0 (DE-625)rvk/136196: |0 (DE-576)201677113 |
| 936 | b | k | |a 88.14 |j Funktionale Behörden |j Behördendienststellen |q ARK |0 (DE-627)106413295 |
| 951 | |a BO | ||
| ELC | |b 1 | ||
| LOK | |0 000 xxxxxcx a22 zn 4500 | ||
| LOK | |0 001 3061298649 | ||
| LOK | |0 003 DE-627 | ||
| LOK | |0 004 1182191584 | ||
| LOK | |0 005 20190314183400 | ||
| LOK | |0 008 190314||||||||||||||||ger||||||| | ||
| LOK | |0 040 |a DE-Frei85 |c DE-627 |d DE-Frei85 | ||
| LOK | |0 852 |a DE-Frei85 | ||
| LOK | |0 852 1 |m p |9 00 | ||
| LOK | |0 935 |a reko | ||
| LOK | |0 938 |k p | ||
| LOK | |0 939 |a 14-03-19 |b l01 | ||
| LOK | |0 000 xxxxxcx a22 zn 4500 | ||
| LOK | |0 001 4196231896 | ||
| LOK | |0 003 DE-627 | ||
| LOK | |0 004 1182191584 | ||
| LOK | |0 005 20221011150016 | ||
| LOK | |0 008 221011||||||||||||||||ger||||||| | ||
| LOK | |0 035 |a (DE-2619)k00767 | ||
| LOK | |0 040 |a DE-2619 |c DE-627 |d DE-2619 | ||
| LOK | |0 092 |o n | ||
| LOK | |0 541 |e Bestand Albert-Krebs-Bibliothek: 2015-152 | ||
| LOK | |0 852 |a DE-2619 | ||
| LOK | |0 852 1 |c PG.10.002 |m p |9 00 | ||
| LOK | |0 935 |a kreb | ||
| LOK | |0 938 |k p | ||
| LOK | |0 939 |a 11-10-22 |b l01 | ||
| ORI | |a SA-MARC-krimdoka001.raw | ||
